| 000 | 02804nam a2200481 c 4500 | ||
|---|---|---|---|
| 003 | BLK | ||
| 005 | 20200820155250.0 | ||
| 008 | 180408b bul|||||r ||||||| ||bul|| | ||
| 010 | _aKNG00085943000 | ||
| 020 |
_a978-954-9877-20-5 _bиздат.: Амат-Ах |
||
| 040 | _aBLK | ||
| 041 |
_aBUL _cBUL |
||
| 080 |
_aПласмент. Продажби _b658.8 _x(035) _z658.8(035) |
||
| 080 |
_aТехника на търговията (икон. аспекти). Условия на сделките. Форми на стокообмен и разпределение на стоките. Условия на доставките, на плащане. Размяна. Бартерни сделки. Покупка. Продажба. Фр _b339.18 _x(035) _z339.18(035) |
||
| 080 |
_aИкономическа психология. Икономическо поведение. Физиологични и психологични елементи. Интереси. Икономически дух _b330.16 _x(035) _z330.16(035) |
||
| 080 |
_aРазговор. Умение да се води разговор. Празнодумие _b177.2 _x(035) _z177.2(035) |
||
| 100 | 1 |
_aПийлинг, Ник _eпърви автор _9110636 |
|
| 700 | 1 |
_aМиро, Евгения _eпрев. от англ. _9370268 |
|
| 139 |
_aПийлинг, Ник _bП 51 |
||
| 245 | 1 | 0 |
_aБрилянтните преговори _bОнова, което знаят, правят и казват най-добрите преговарящи _cНик Пийлинг; прев. от англ. Евгения Миро. |
| 257 | _aGBR | ||
| 260 |
_аСофия _bАмат-Ах _c2008 _fСофия : Скала |
||
| 300 |
_a148 с. _c20 см |
||
| 380 | _a3 | ||
| 500 | _aОриг. загл. Brilliant Negotiations. What the Best Negotiators Know, Do and Say / Nic Peeling. - 750 тир. - Офс. изд. - Съдържа и За автора. | ||
| 590 | _aф | ||
| 650 | 4 |
_aПреговори, стопански _9258386 |
|
| 650 | 4 |
_aИкономическо поведение - наръчници и ръководства _9278572 |
|
| 650 | 4 |
_aСделки - наръчници и ръководства _9271626 |
|
| 650 | 4 |
_aМаркетинг - наръчници и ръководства _9242925 |
|
| 650 | 4 |
_aВзаимоотношения - в бизнеса - наръчници и ръководства _9249640 |
|
| 650 | 4 |
_aСтопанска етика _9261791 |
|
| 653 | _aстопански преговори | ||
| 653 | _aсделки | ||
| 653 | _aмаркетинг | ||
| 653 | _aбизнес поведение | ||
| 653 | _aстопанска етика | ||
| 852 | _aЦб 241557 | ||
| 856 | 4 |
_qpdf _u |
|
| 856 | 4 |
_qpdf _u |
|
| 942 |
_cKNG _n0 _02 |
||
| 944 |
_aCR _c20.10.2008 _kВаля_Йорданова |
||
| 944 |
_aED _c01.04.2015 _kЛюдмила_Стоянова |
||
| 999 |
_c81439 _d81439 |
||